LEADER 01686nam 2200457 a 450 001 9910698716003321 005 20090427141707.0 035 $a(CKB)5470000002396699 035 $a(OCoLC)319436177 035 $a(EXLCZ)995470000002396699 100 $a20090427d2008 ua 0 101 0 $aeng 135 $aurmn||||||||| 181 $ctxt$2rdacontent 182 $cc$2rdamedia 183 $acr$2rdacarrier 200 10$aBorder security$b[electronic resource] $esummary of covert tests and security assessments for the Senate Committee on Finance, 2003-2007 : report to the Committee on Finance, U.S. Senate 210 1$a[Washington, D.C.] :$cU.S. Govt. Accountability Office,$d[2008] 215 $ai, 27 pages $cdigital, PDF file 300 $aTitle from title screen (viewed on Apr. 23, 2009). 300 $a"May 2008." 300 $a"GAO-08-757." 320 $aIncludes bibliographical references. 517 $aBorder security 606 $aBorder security$zUnited States 606 $aPorts of entry$xSecurity measures$zUnited States 606 $aTerrorism$xPrevention$xGovernment policy$zUnited States 607 $aUnited States$xBoundaries$zCanada 607 $aCanada$xBoundaries$zUnited States 607 $aUnited States$xBoundaries$zMexico 607 $aMexico$xBoundaries$zUnited States 615 0$aBorder security 615 0$aPorts of entry$xSecurity measures 615 0$aTerrorism$xPrevention$xGovernment policy 712 02$aUnited States.$bCongress.$bSenate.$bCommittee on Finance. 801 0$bGPO 801 1$bGPO 906 $aBOOK 912 $a9910698716003321 996 $aBorder security$93423087 997 $aUNINA LEADER 01103oas 22004333 450 001 9910895502403321 005 20260218110745.0 011 $a1948-9854 035 $a(DE-599)ZDB2854011-6 035 $a(OCoLC)379117069 035 $a(CONSER) 2009203121 035 $a(CKB)1000000000752126 035 $a(DE-599)2854011-6 035 $a(EXLCZ)991000000000752126 100 $a20090609b20102015 uy a 101 0 $aeng 135 $aur||||||||||| 181 $ctxt$2rdacontent 182 $cc$2rdamedia 183 $acr$2rdacarrier 200 00$aAmerican journal of geoscience 210 1$aAl Ain, United Arab Emirates :$cScience Publications,$d2010-2015. 300 $aRefereed/Peer-reviewed 311 08$a1948-9846 517 1 $aAJG 531 0 $aAm. j. geosci. 676 $a550 712 02$aScience Publications. 801 0$bDLC 801 1$bDLC 801 2$bDLC 801 2$bOCLCQ 801 2$bORU 801 2$bDLC 801 2$bOCLCL 906 $aJOURNAL 912 $a9910895502403321 996 $aAmerican journal of geoscience$94244294 997 $aUNINA